Hương thời gian Tập thơ nhiều tác giả

Spremljeno u:
Bibliografski detalji
Format: Knjiga
Jezik:Undetermined
Izdano: Cà Mau ãuNb. Cà Mau 1997
Teme:
Oznake: Dodaj oznaku
Bez oznaka, Budi prvi tko označuje ovaj zapis!
Thư viện lưu trữ: Trung tâm Học liệu Trường Đại học Cần Thơ
LEADER 00435nam a2200157Ia 4500
001 CTU_22585
008 210402s9999 xx 000 0 und d
082 |a 895.9221 
082 |b H561 
245 0 |a Hương thời gian 
245 0 |b Tập thơ nhiều tác giả 
260 |a Cà Mau 
260 |b ãuNb. Cà Mau 
260 |c 1997 
650 |a vietnamese poetry 
980 |a Trung tâm Học liệu Trường Đại học Cần Thơ